| 000 | 00442nam a2200169 a 4500 | ||
|---|---|---|---|
| 001 | 2065483 | ||
| 005 | 20231128052138.0 | ||
| 008 | 931112s1993 np b 000 0 nep | ||
| 040 |
_aDLC _cDLC _dDLC |
||
| 082 | 0 | 0 |
_a305.4/095496 _220 _bPRA. |
| 100 | 1 | _aSubedi, Prativa, | |
| 245 | 1 | 0 |
_aNepali women rising / _cPrativa Subedi. |
| 260 |
_aKathmandu, Nepal : _bWomen Awareness Centre, _c1993. |
||
| 300 | _a124 p. : | ||
| 650 | 0 | _aWomen | |
| 942 | _cL | ||
| 999 |
_c100 _d100 |
||